Czy rozpoznasz piłkarza po przebiegu jego kariery? #2 - Statystyki

Ogólne statystyki
  • Ten quiz został rozwiązany 65 razy
  • Średni wynik to 5 z 7
Statystyki odpowiedzi
Wskazówka Odpowiedź % Poprawnych
2007-2009 Olympique Lyon2009-2023 Real Madryt 2023- Ittihad FC Karim Benzema
98%
2004-2021 FC Barcelona2021-2023 PSG 2023- Inter Miami CF Lionel Messi
98%
2012-2016 Udinese2014-2016 Empoli (wypożyczenie) 2016-2024 Napoli 2024- Inter Mediolan Piotr Zieliński
92%
2019-2020 Sao Paulo2020-2022 Ajax Amsterdam 2022- Manchester United 2025 Real Betis (wypożyczenie) Antony
73%
2008-2013 Inter Mediolan2008-2010 Vasco Da Gama (wypożyczenie) 2012 Espanyol (wypożyczenie) 2013-2018 Liverpool 2018-2022 FC Barcelona 2019-2020 Bayern (wypożyczenie) 2022 Aston Villa (wypożyczenie) 2022- Aston Villa 2023-2024 Al-Duhail SC (wypożyczenie) 2024- Vasco da Gama (wypożyczenie) Philippe Coutinho
73%
2009-2010 Banfield2010-2013 FC Porto 2013-2014 AS Monaco 2014-2020 Real Madryt 2017-2019 Bayern (wypożyczenie) 2020-2021 Everton 2021-2022 Al-Rayyan 2022-2023 Olympiakos 2023 Bez klubu 2023-2024 Sao Paulo 2024 Rayo Vallecano 2025- Leon James Rodriguez
63%
2013-2015 Atletico Madryt B2013-2014 RDC Mallorca (wypożyczenie) 2014-2015 Almeria (wypożyczenie) 2015-2020 Atletico Madryt 2020- Arsenal Thomas Partey
42%
Nie znaleziono quizów pasujących do podanych kryteriów
Rozkład punktacji
Procent ludzi z każdym wynikiem
Percentyl według liczby udzielonych odpowiedzi
Twoja historia wyników
Nie rozwiązałeś tego quizu